Capital Cities: 20 Closest flying from Buenos Aires to Beijing - Statistics

General Stats
  • This quiz has been taken 63 times
  • The average score is 13 of 20
Answer Stats
Distance from Buenos Aires (km) Distance from Beijing (km) Increase (m) Capital City % Correct
11,025 8,238 26 Paris
85%
11,888 7,376 529 Berlin
84%
11,102 8,161 797 London
84%
10,020 9,244 1,271 Madrid
84%
11,421 7,842 142 Amsterdam
78%
11,281 7,982 2 Brussels
78%
12,043 7,220 102 Copenhagen
73%
12,925 6,338 336 Helsinki
71%
9,574 9,689 172 Lisbon
71%
12,538 6,725 793 Stockholm
69%
11,790 7,475 2,496 Prague
65%
12,730 6,533 236 Riga
60%
11,169 8,095 2,115 Bern
58%
11,286 7,977 294 Luxembourg
58%
12,686 6,579 1,898 Vilnius
56%
12,882 6,381 110 Tallinn
55%
10,491 8,775 2,564 Andorra la Vella
51%
11,305 7,961 2,955 Vaduz
40%
6,607 12,658 2,434 Praia
27%
18,093 1,170 41 Ulaanbaatar
25%
No matching quizzes found
Score Distribution
Percent of People with Each Score
Percentile by Number Answered
Your Score History
You have not taken this quiz